000 00752nam a2200253 i 4500
001 C2-0343793
003 PPAK
005 20180728144837.0
008 171126s2017 nyua|||| ||||| | eng d
020 _a9781481470575
040 _aPPAK
_beng
_cPPAK
_erda
082 0 4 _a808.83
_223
090 0 0 _a808.83
_bEAT
_dG
245 0 0 _aEat the sky, drink the ocean
250 _aFirst United States edition
264 1 _aNew York :
_bMargaret K. McElderry Books ,
_c2017
300 _aix, 225 pages :
_billustrations ;
_c22 cm
336 _2rdacontent
_atext
337 _2rdamedia
_aunmediated
338 _2rdacarrier
_avolume
650 1 0 _aShort stories, English.
700 1 _aMurray, Kirsty ; Dhar, Payal ; Roy, Anita,
_eeditor
942 _ddc
_cB
999 _c140565
_d140565